DSP for embedded and real-time systems : expert guide /

Bibliographic Details
Corporate Author: ebrary, Inc
Other Authors: Oshana, Robert
Format: eBook
Language:English
Published: Boston : Elsevier, 2012.
Subjects:
Online Access:Connect to the full text of this electronic book

MARC

Tag First Indicator Second Indicator Subfields
LEADER 00000cam a2200000 a 4500
001 in00002781042
006 m d
007 cr cn|||||||||
008 120419s2012 maua o 001 0 eng d
005 20250816212555.7
010 |z  2012938003 
020 |z 9780123865359 
020 |z 9780123865366 (e-book) 
035 |a (CaPaEBR)ebr10578530 
040 |a CaPaEBR  |c CaPaEBR  |d UtOrBLW 
050 1 4 |a TK5102.9  |b .D77 2012eb 
245 0 0 |a DSP for embedded and real-time systems :  |b expert guide /  |c [edited by] Robert Oshana. 
264 1 |a Boston :  |b Elsevier,  |c 2012. 
300 |a 1 online resource (xxxiv, 621 pages) :  |b illustrations 
336 |a text  |b txt  |2 rdacontent 
337 |a computer  |b c  |2 rdamedia 
338 |a online resource  |b cr  |2 rdacarrier 
500 |a Includes index. 
500 |a Electronic resource. 
650 0 |a Signal processing  |x Digital techniques. 
650 0 |a Embedded computer systems. 
650 0 |a Computer software  |x Development. 
655 7 |a Electronic books.  |2 local 
700 1 |a Oshana, Robert. 
710 2 |a ebrary, Inc. 
856 4 0 |u https://ebookcentral.proquest.com/lib/tamucs/detail.action?docID=953181  |y Connect to the full text of this electronic book  |t 0 
980 |a 120821  |b 79.95  |c USD  |e 119.93  |f YBP_EBR0000040734  |g 1 
999 f f |s ddb09312-31ed-3c54-bd7b-faed811724e3  |i 40f143be-7000-383b-ac62-5befc81a0225  |t 0 
999 |a MARS 
952 f f |a Texas A&M University  |b College Station  |c Electronic Resources  |d Available Online  |t 0  |e TK5102.9 .D77 2012eb  |h Library of Congress classification 
998 f f |a TK5102.9 .D77 2012eb  |t 0  |l Available Online